Statistics for Celebrity Name Mash-ups #5

Click here to take the quiz!

General Stats

  • This quiz has been taken 30 times
  • The average score is 13 of 56

Answer Stats

Mash-up NameOriginal Celebrities% Correct
Lacaulay CugaMacaulay Culkin
85%
EmankemEminem
81%
Lacaulay CugaLady Gaga
81%
Pauzzy AbbourneOzzy Osbourne
74%
Tyke PalryTyler Perry
63%
Katrick SwarisPatrick Swayze
59%
Pauzzy AbbournePaula Abdul
56%
Quera BanfahQueen Latifah
52%
Ezree MistarEzra Miller
48%
Wachelle WhicholsNichelle Nichols
44%
Tarael PJ. HensoxTaraji P. Henson
44%
Donola GlavisDonald Glover
33%
Asgan Thate DillionMegan Thee Stallion
33%
Travert GrottTravis Scott
33%
Donola GlavisViola Davis
33%
Charila CabkensCamila Cabello
30%
Katrick SwarisKamala Harris
30%
Charila CabkensCharles Dickens
26%
Consra RamiruSara Ramirez
26%
Mirling KB. JoownSterling K. Brown
26%
Anon MusgieElon Musk
22%
Linna OrthanJenna Ortega
22%
Lary BondorLana Condor
22%
Asgan Thate DillionAsia Kate Dillon
19%
Elib DyodBob Dylan
19%
Jervia GarthJerry Garcia
19%
Linna OrthanLindsay Lohan
19%
Tholph Brodo-EmsterThomas Brodie-Sangster
19%
Siz KhinstockWiz Khalifa
19%
Elib DyodElijah Wood
15%
Harrinelle MonárdHarrison Ford
15%
Ezree MistarJeffree Star
15%
Mirling KB. JoownMichael B. Jordan
15%
Tarael PJ. HensoxMichael J. Fox
15%
Dily DickmanEmily Dickinson
11%
Harrinelle MonárdJanelle Monáe
11%
Tholph Brodo-EmsterRalph Waldo Emerson
11%
Consra RamiruConstance Wu
7%
Petia MildJulia Child
7%
Tyke PalryKeke Palmer
7%
Jervia GarthSylvia Plath
7%
Wachelle WhicholsWalt Whitman
7%
Anon MusgieAndrew Carnegie
4%
Ledy WarnsAndy Warhol
4%
Arah ChineoArden Cho
4%
EmankemBanksy
4%
Dily DickmanDuff Goldman
4%
Tank ZannFrank Zappa
4%
Ledy WarnsLele Pons
4%
Arah ChineoNoah Centineo
4%
Petia MildPeter Mayhew
4%
Siz KhinstockSylvia Weinstock
4%
Tank ZannTim Gunn
4%
Quera BanfahTyra Banks
4%
Lary BondorCory Booker
0%
Travert GrottRupert Grint
0%

Score Distribution

Percentile by Number Answered

Percent of People with Each Score

Your Score History

You have not taken this quiz